Statistiques concernant Équipe de France à la Coupe du monde 2018

Cliquez ici pour prendre le quiz!

Statistiques générales

  • Ce quiz a été pris 7,446 fois
  • Le résultat moyen est 19 sur 24

Statistiques - réponses

Poste Jouer Club % Correct
AAntoine GriezmannAtlético Madrid
98%
GHugo LlorisTottenham Hotspur
97%
AKylian MbappéParis Saint-Germain
96%
MPaul PogbaManchester United
93%
AOlivier GiroudChelsea FC
91%
DBenjamin PavardVfB Stuttgart
88%
MN'Golo KantéChelsea FC
88%
SélectionneurDidier Deschamps\
88%
DRaphaël VaraneReal Madrid
86%
DSamuel UmtitiFC Barcelona
85%
GSteve MandandaOlympique Marseille
82%
MBlaise MatuidiJuventus FC
81%
AFlorian ThauvinOlympique Marseille
79%
DAdil RamiOlympique Marseille
78%
DLucas HernándezAtlético Madrid
77%
GAlphonse AreolaParis Saint-Germain
77%
ANabil FekirOlympique Lyon
76%
AOusmane DembéléFC Barcelona
75%
DPresnel KimpembeParis Saint-Germain
70%
MCorentin TolissoBayern Munich
68%
MSteven NzonziSevilla FC
65%
DBenjamin MendyManchester City
64%
DDjibril SidibéAS Monaco
60%
AThomas LemarAS Monaco
58%

Distribution des résultats

Percentile by Number Answered

% des personnes avec chaque résultat

Votre développement - résultats

Vous n’avez pas pris ce quiz